Reparación básica de artefactos domésticos. / (Record no. 16145)
[ view plain ]
| 000 -CABECERA | |
|---|---|
| campo de control de longitud fija | 00792nam a2200205 a 4500 |
| 001 - NÚMERO DE CONTROL | |
| campo de control | 000016612 |
| 005 - FECHA Y HORA DE LA ÚLTIMA TRANSACCIÓN | |
| campo de control | 20200929164934.0 |
| 008 - DATOS DE LONGITUD FIJA--INFORMACIÓN GENERAL | |
| campo de control de longitud fija | 100308s1974 ag a 000 0 spa d |
| 040 ## - FUENTE DE LA CATALOGACIÓN | |
| Centro catalogador/agencia de origen | DO-SdBNP |
| Lengua de catalogación | spa |
| Centro/agencia transcriptor | BNPHU |
| 082 ## - NÚMERO DE LA CLASIFICACIÓN DECIMAL DEWEY | |
| Número de clasificación | 683.88 |
| Número de documento/Ítem | P844r |
| 100 1# - ENTRADA PRINCIPAL--NOMBRE DE PERSONA | |
| Nombre de persona | Porter, Cliff |
| 9 (RLIN) | 36909 |
| 240 10 - TÍTULO UNIFORME | |
| Título uniforme | Basic appliance repair. |
| Lenguaje de la obra | Español |
| 245 10 - MENCIÓN DE TÍTULO | |
| Título | Reparación básica de artefactos domésticos. / |
| Mención de responsabilidad, etc. | Cliff Porter; traducción de Jorge E. Ferraresi. |
| 260 ## - PUBLICACIÓN, DISTRIBUCIÓN, ETC. | |
| Lugar de publicación, distribución, etc. | Buenos Aires, Argentina : |
| Nombre del editor, distribuidor, etc. | Centro Regional de Ayuda Técnica, |
| -- | Glem, |
| Fecha de publicación, distribución, etc. | 1974. |
| 300 ## - DESCRIPCIÓN FÍSICA | |
| Extensión | 128 p. : |
| Otras características físicas | il. ; |
| Dimensiones | 23 cm. |
| 534 ## - NOTA SOBRE LA VERSIÓN ORIGINAL | |
| Encabezamiento principal del original | Título original |
| Mención de título del original | Basic appliance repair |
| 650 #4 - PUNTO DE ACCESO ADICIONAL DE MATERIA--TÉRMINO DE MATERIA | |
| Término de materia o nombre geográfico como elemento de entrada | Electrodomésticos |
| Subdivisión general | Cuidado y reparación |
| 9 (RLIN) | 36910 |
| 650 #4 - PUNTO DE ACCESO ADICIONAL DE MATERIA--TÉRMINO DE MATERIA | |
| Término de materia o nombre geográfico como elemento de entrada | Electricidad |
| Subdivisión general | Aparatos e instrumentos |
| 9 (RLIN) | 36911 |
| 700 1# - PUNTO DE ACCESO ADICIONAL--NOMBRE DE PERSONA | |
| Nombre de persona | Ferraresi, Jorge E., |
| Término indicativo de función/relación | tr. |
| 9 (RLIN) | 36912 |
| Estado de retiro | Estado de pérdida | Restricciones de uso | No para préstamo | Código de colección | Localización permanente | Ubicación/localización actual | Ubicación en estantería | Fecha de adquisición | Número de inventario | Total de préstamos | Signatura topográfica completa | Código de barras | Fecha visto por última vez | Precio válido a partir de | Tipo de ítem Koha | Número de copia |
|---|---|---|---|---|---|---|---|---|---|---|---|---|---|---|---|---|
| Monografías: Libros y Folletos | General | General | En catalogación | 20.08.2010 | LF1 | 683.88 P844r | 16612-10 | 25.06.2020 | 25.06.2020 | Préstamo en sala | ||||||
| Extraviado | Excluido de préstamo | Monografías: Libros y Folletos | General | General | Extraviado | 03.04.2017 | LF1 | 683.88 P844r | 16612-20 | 25.06.2020 | 25.06.2020 | No se presta | e. 2 |
